000 00424nam a2200157 i 4500
001 bg
100 1 _aBÜRGER, E.
245 0 _aData processing, computers, office, machines :
_bEnglish-Deutsch-Französisch-Russich /
_cE. Bürger, W. Schuppe.
260 _aBerlin,
_c1969.
700 1 _aSCHUPPE, W.
040 _cBPK
041 _apol
080 _a658.5:681.32
942 _cKS
008 s pl f |000 0 pol
999 _c9036
_d9036
856 _uhttp://koha.tu.koszalin.pl/cgi-bin/koha/opac-detail.pl?biblionumber=9036
_yKatalog online BPK